00301nam a22001337a 4500008004100000020001800041041000800059080001600067100000700083101000800090245004000098942001200138999001700150170825b xxu||||| |||| 00| 0 eng d a9780133056228 aeng 210 EDa070 a39 aMED aTECHNOLOGY IN ACTIOMcPOATSY.E., 2udccBK c25032d25032